000 00375 a2200133 4500
040 _aDLC
082 _a515.15
245 _aA textbook of calculus and analytic geometry : class XII
_cNawab-ud-Din
260 _aLahore :
_bPunjab Textbook Board,
_c1994.
300 _a410 p.
650 _aCalculus -- Mathematics.
700 _aCh. Nawab-ud-Din.
942 _cBK
_k515.15 NAW
_2ddc
999 _c7954
_d7954